Riziká v globálnych zásobovacích reťazcoch a možnosti ich riadenia v podmienkach Slovenska dizertačná práca

Gespeichert in:
Bibliographische Detailangaben
1. Verfasser: Devečka, Martin
Körperschaft: Obchodná fakulta EU. Katedra medzinárodného obchodu
Weitere Verfasser: Hansenová, Heda
Format: Buch
Sprache:Slowakisch
Veröffentlicht: Bratislava 2012
Schlagworte:
Tags: Tag hinzufügen
Keine Tags, Fügen Sie das erste Tag hinzu!

MARC

LEADER 00000nbm a2200000 4500
001 0158748
005 20240502072748.8
041 0 |a slo 
044 |a SK 
245 1 0 |a Riziká v globálnych zásobovacích reťazcoch a možnosti ich riadenia v podmienkach Slovenska  |b dizertačná práca  |c Martin Devečka ; školiteľ: Heda Hansenová 
264 1 |a Bratislava  |c 2012 
300 |a 117 s. 
610 2 0 |a reťazce distribučné 
610 2 0 |a reťazce logistické 
610 2 0 |a zásobovanie 
100 1 |a Devečka, Martin 
700 1 |a Hansenová, Heda 
710 2 |a Obchodná fakulta EU. Katedra medzinárodného obchodu